000 00474nam a2200169 a 4500
005 20240705063734.0
008 991125c1963 new 000 0 eng u
035 _aUPN01000049920
049 _aCG
050 4 _aLA212
_bG7.6
100 1 _aGraham, Grace
245 1 4 _aThe public school in the American community /
_cGrace Graham.
260 _aNew York :
_bHarper & Row,
_cc1963.
300 _a556 p.
650 4 _aEscuelas públicas
_zEstados Unidos
_96164
905 _aLibro
999 _c49920
_d49920